000 00382 a2200145 4500
001 169341
020 _a
040 _cMagnum
100 _aAgencia Regional de Noticias
240 1 0 _aClipping em educacao - 05/06/00 a 11/06/00 - ano i - nº 42
_lpor
245 1 0 _aClipping em educacao - 05/06/00 a 11/06/00 - ano i - nº 42
362 0 _a1899
697 _aENSINO
942 _cBK
999 _c169341
_d169341